000 00602nam a2200169 4500
001 143389
003 ES-MaACL
005 20230906200810.0
007 t|
008 070214s1911 sp r ||||1| spa d
100 1 _aSerrano Marteño, Emilio.
_9105776
245 1 0 _aMercaderes y mercenarios
_b: retratos de hogaño, o Verdaderos términos de la cuestión religiosa en España /
_cEmilio Serrano Marteño.
260 _aMadrid :
_bRicardo F. de Rojas,
_c1911.
300 _a335 p. ;
_c16 x 12 cm.
740 0 _aVerdaderos términos de la cuestión religiosa en España.
852 _aES-MaACL
_jG-3960
999 _c143389
_d143389